| 000 | 00463nam a22001817a 4500 | ||
|---|---|---|---|
| 003 | CEME | ||
| 005 | 20210628205357.0 | ||
| 008 | 210304b xxu||||| |||| 00| 0 eng d | ||
| 020 | _a0-7167-2378-6 | ||
| 040 | _c. | ||
| 082 | _a510 FOR'A | ||
| 245 | _aFor all practical purposes introduction to contemporary mathematics | ||
| 250 | _a3RD | ||
| 260 |
_aNEWYORK _bW. H. Freeman _c1988 |
||
| 300 | _aXIV, 720P | ||
| 650 |
_aMATHEMATICS _96466 |
||
| 942 |
_cBK _2ddc |
||
| 999 |
_c580690 _d580690 |
||